00285nam a2200097Ia 4500008004000000082001700040100001900057245006300076260003400139300001400173210210b1986 xxu||||| |||| 00| 0 eng d a342.029 AGAC aAGARWAL (R C). aConstitutional development of India and National movement. aNDbS. Chand & Co. Ltd.c1986 axviii,540